Competition and the persistence of profits in the UK construction industry (Record no. 65096)

MARC details
000 -LEADER
fixed length control field 01224cam a2200253 4500
001 - CONTROL NUMBER
control field ABS62939
008 - FIXED-LENGTH DATA ELEMENTS--GENERAL INFORMATION
fixed length control field 000000n2000 000 0 eng u
035 ## - SYSTEM CONTROL NUMBER
System control number (Sirsi) u109000
100 ## - MAIN ENTRY--PERSONAL NAME
Personal name Ball, M.
245 ## - TITLE STATEMENT
Title Competition and the persistence of profits in the UK construction industry
260 ## - PUBLICATION, DISTRIBUTION, ETC.
Date of publication, distribution, etc. 2000
490 ## - SERIES STATEMENT
Series statement Construction Management & Economics
Volume/sequential designation 18 (7) October/November 2000, 733-745(13)
520 ## - SUMMARY, ETC.
Summary, etc. Examines the performance of a range of medium-size publicly quoted construction firms over the period 1990-1994. The competitive nature of construction markets during that time was also considered. Discusses the results. These suggest that the construction markets are price competitive, and that mark-ups vary positively with the construction cycle. This analysis does not support the common arguments that competition in the construction industry is excessive, and that firms can gain from firm specific strategies.
590 ## - LOCAL NOTE (RLIN)
Local note ABS
650 ## - SUBJECT ADDED ENTRY--TOPICAL TERM
Topical term or geographic name entry element CONSTRUCTION INDUSTRY
650 ## - SUBJECT ADDED ENTRY--TOPICAL TERM
Topical term or geographic name entry element PERFORMANCE
650 ## - SUBJECT ADDED ENTRY--TOPICAL TERM
Topical term or geographic name entry element COMPETITIVENESS
650 ## - SUBJECT ADDED ENTRY--TOPICAL TERM
Topical term or geographic name entry element CONSTRUCTION COMPANIES
650 ## - SUBJECT ADDED ENTRY--TOPICAL TERM
Topical term or geographic name entry element COMPETITION
690 ## - LOCAL SUBJECT ADDED ENTRY--TOPICAL TERM (OCLC, RLIN)
Topical term or geographic name as entry element BUILT ENVIRONMENT
700 ## - ADDED ENTRY--PERSONAL NAME
Personal name Farshchi, M.
700 ## - ADDED ENTRY--PERSONAL NAME
Personal name Grilli, M.
942 ## - ADDED ENTRY ELEMENTS (KOHA)
Suppress in OPAC 0
Holdings
Withdrawn status Lost status Source of classification or shelving scheme Damaged status Not for loan Home library Current library Shelving location Date acquired Total Checkouts Full call number Barcode Date last seen Copy number Price effective from Koha item type
    Dewey Decimal Classification     London London Journal article 26/10/2000   ABS62939 109000-1001 06/08/2019 1 06/08/2019 Journal article